Pesticide biotransformation and fate in heterogeneous environments

Na minha lista:
Detalhes bibliográficos
Autor principal: Jos Vink
Formato: Livro
Idioma:Undetermined
Publicado em: The Netherland Wageningen University 1997
Assuntos:
Tags: Adicionar Tag
Sem tags, seja o primeiro a adicionar uma tag!
Thư viện lưu trữ: Trung tâm Học liệu Trường Đại học Cần Thơ
LEADER 00546nam a2200181Ia 4500
001 CTU_38971
008 210402s9999 xx 000 0 und d
082 |a 363.7384 
082 |b V786 
100 |a Jos Vink 
245 0 |a Pesticide biotransformation and fate in heterogeneous environments 
245 0 |c Jos Vink 
260 |a The Netherland 
260 |b Wageningen University 
260 |c 1997 
650 |a pesticides,pesticides - environmental aspects 
904 |i Liên, 000603 
980 |a Trung tâm Học liệu Trường Đại học Cần Thơ